000 00603nam a2200217Ia 4500
003 OSt
005 20230419113826.0
008 210423s2009 xx 000 0 und d
020 _a9788184048568
040 _cAL
041 _aeng
082 _a658.1511 SRIA
100 _aSRIDHAR (A N).
_990504
245 _aManagement accounting and financial analysis for C A fianl.
250 _a9
260 _aMumbai
_bShroff Publishers & Distributors
_c2009
300 _axvii,616
_bPB
365 _b450
_cINR
906 _aaccounting ; analysis ; C ; fianl. ; financial ; Management
942 _2ddc
_cBK
999 _c160137
_d160137